000 00813 a2200193 4500
999 _c3042
_d3042
005 20181128142038.0
010 _aB-235840
020 _c70.00
_a8170168120
035 _aB-235840
037 _bBPPD/PUB
082 _a303.32
100 _aईश्वर सिंह "शिक्षक"
245 _aकैसे जियें जिंदगी?
_cईश्वर सिंह "शिक्षक"
246 _aKaise jiyen jindagi
_bby Ishwar Singh"Shikshak"
260 _aनई दिल्ली
_bकिताब घर
_c2006
270 _a24/4855, अंसारी रोड, दरियागंज
_bनई दिल्ली
_e110002
300 _a79पृ
_c22 सेमी (सजिल्द)
942 _adpl
_cHN
_k303.32 / ईश्वर
_2ddc
_h303.32
_m ईश्वर